Novisimo manual de hidrología médica española ... / (Record no. 161791)

MARC details
000 -LEADER
campo de control de longitud fija 00856nam a22002055i 4500
001 - NÚMERO DE CONTROL
campo de control 161791
003 - IDENTIFICADOR DE NÚMERO DE CONTROL
campo de control ES-MaACL
005 - FECHA Y HORA DE LA ÚLTIMA TRANSACCIÓN
campo de control 20230906212348.0
008 - DATOS DE LONGITUD FIJA--INFORMACIÓN GENERAL
campo de control de longitud fija 010102s1851 sp f |||| | spa d
040 ## - FUENTE DE CATALOGACIÓN
Centro catalogador/agencia de origen CCPB | B
Lengua de catalogación spa
Centro/agencia transcriptor CCPB | B
100 1# - ENTRADA PRINCIPAL--NOMBRE DE PERSONA
Nombre de persona Pérez de la Flor, José.
9 (RLIN) 131491
245 10 - MENCIÓN DEL TÍTULO
Título Novisimo manual de hidrología médica española ... /
Mención de responsabilidad, etc. por José Perez de la Flor y Manuel Gonzalez de Jonte.
260 ## - PUBLICACIÓN, DISTRIBUCIÓN, ETC.
Lugar de publicación, distribución, etc. Madrid :
Nombre del editor, distribuidor, etc. imprenta y libreria de Vicente Matute,
Fecha de publicación, distribución, etc. 1851.
300 ## - DESCRIPCIÓN FÍSICA
Extensión 657, [11] p., [1] h. de grab. pleg. ;
Dimensiones 17 cm.
599 #1 - NOTA A LAS ILUSTRACIONES
NOTA A LAS ILUSTRACIONES La h. de grab. pleg. es un cuadro sinóptico de manantiales de aguas minerales.
650 #4 - PUNTO DE ACCESO ADICIONAL DE MATERIA--TÉRMINO DE MATERIA
Término de materia o nombre geográfico como elemento de entrada Hidroterapia.
9 (RLIN) 13343
700 22 - ENTRADA AGREGADA--NOMBRE PERSONAL
Nombre de persona González de Jonte, Manuel.
Título de la obra Novisimo manual de hidrología médica española.
9 (RLIN) 127440
752 ## - ENTRADA AGREGADA--NOMBRE JERÁRQUICO DEL LUGAR
País o entidad superior España -
Ciudad Madrid
852 ## - LOCALIZACIÓN
Ubicación ES-MaACL
Número de control de estantería G-1619
Nota libre -- Enc. hol.
Holdings
Estatus retirado Estado de pérdida Estado de daño No para préstamo Colección Biblioteca de origen Biblioteca actual Ubicación en estantería Fecha de adquisición Fuente de adquisición Total de préstamos Signatura topográfica completa Código de barras Visto por última vez Precio de reemplazo Tipo de ítem Koha
        Libros del s. XIX Biblioteca del Ateneo de Madrid Biblioteca del Ateneo de Madrid Depósito 2 17/01/2008     G-1619 1169477 23/02/2023 23/02/2023 Libro impreso antiguo